=LDR 00000nam 2200000 4500 =001 INLIS000000000049328 =005 20170209092338.0 =006 =007 =008 =020 ##$$a 978-602-7686-37- 3 =035 ##$$0010-021700000000120 =040 ##$$a NBPDMAT =082 ##$$a 398 .909 598 651 =090 ##$$a 398 .909 598 651 Muh s =100 ##$$a Muhammad Shubi =245 ##$$a Sesenggak sasak / $c Muhammad shubhi ; editor Ahmad Sirulhaq ,MA =260 ##$$a Pringabaya : $b KSU Primaguna, $c 2012 =300 ##$$a VII, 58 hlm . ; $c 22 cm =500 ##$$a Bibliografi : hlm . 57 =500 ##$$a Biografi : hlm . 58 =650 ##$$a PERIBAHASA _ LOMBOK =700 ##$$a Ahmad Sirulhaq =990 ##$$a 200/46/2017 =990 ##$$a 21604206 =990 ##$$a 21604207 =990 ##$$a 21604208 =990 ##$$a 21604209 =990 ##$$a 200/46/2017 =990 ##$$a 21604206 =990 ##$$a 21604207 =990 ##$$a 21604208 =990 ##$$a 21604209 =990 ##$$a 200/46/2017 =990 ##$$a 200/46/2017 =990 ##$$a 21604207 =990 ##$$a 21604208 =990 ##$$a 21604209 =990 ##$$a 200/46/2017 =990 ##$$a 200/46/2017 =990 ##$$a 200/46/2017 =990 ##$$a 21604208 =990 ##$$a 21604209 =990 ##$$a 200/46/2017 =990 ##$$a 200/46/2017 =990 ##$$a 200/46/2017 =990 ##$$a 200/46/2017 =990 ##$$a 21604209 =990 ##$$a 200/46/2017 =990 ##$$a 200/46/2017 =990 ##$$a 200/46/2017 =990 ##$$a 200/46/2017 =990 ##$$a 200/46/2017